First 15 Mentioned Harry Potter Characters Quiz Stats

 Plays Quiz not verified by Sporcle

Also try: Harry Potter A-Z
Challenge
Share
Tweet
Embed
Score 0/15 Timer 03:00
0 Plays Today
% Correct
Vernon Dursley
98.2%
Petunia Dursley
96.5%
Minerva McGonagall
57.9%
Harry Potter
52.6%
Dudley Dursley
36.8%
Albus Dumbledore
29.8%
Lily Potter
28.1%
Hagrid
26.3%
% Correct
Voldemort
24.6%
James Potter
24.6%
Sirius Black
21.1%
Jim McGuffin
15.8%
Ted
15.8%
Dedalus Diggle
12.3%
Aunt Marge
5.3%

You're not logged in!

Compare scores with friends on all Sporcle quizzes.
Join for Free
OR
Log In

You Might Also Like...

Show Comments

Extras

Created Jan 30, 2012ReportNominate
Tags:character, mentions

Top Quizzes Today


Score Distribution

Your Account Isn't Verified!

In order to create a playlist on Sporcle, you need to verify the email address you used during registration. Go to your Sporcle Settings to finish the process.

Report this User

Report this user for behavior that violates our Community Guidelines.

Details: